LEADER 01481nam 2200337Ia 450 001 996389558003316 005 20220218231235.0 035 $a(CKB)4940000000094709 035 $a(EEBO)2240872367 035 $a(OCoLC)ocm64551313e 035 $a(OCoLC)64551313 035 $a(EXLCZ)994940000000094709 100 $a20060306d1697 uy 0 101 0 $aeng 135 $aurbn#|||a|bb| 200 14$aThe compleat fencing-master$b[electronic resource] $ein which is fully described the whole guards, parades and lessons belonging to the small sword; as also the best rules for playing against either artists or others, with blunts or sharps, together with directions on how to behave in single combat on horse-back ; illustrated with figures engraven on copper-plates, representing the most necessary postures /$fby Sir W. Hope 205 $aThe third edition. 210 $aLondon $cPrinted for Hugh Newman at the Grasshopper ...$d1697 215 $a[22], 197, [17] p., [12] leaves of plates $cill 300 $aImperfect: pages cropped and tightly bound with slight loss of print. 300 $aReproduction of original in: Henry E. Huntington Library and Art Gallery. 330 $aeebo-0113 606 $aFencing$zEngland$vEarly works to 1800 615 0$aFencing 700 $aHope$b William$cSir.$01002305 801 0$bUMI 801 1$bUMI 906 $aBOOK 912 $a996389558003316 996 $aThe compleat fencing-master$92302123 997 $aUNISA